| 000 | 00471nam a2200157 i 4500 | ||
|---|---|---|---|
| 001 | 58324 | ||
| 003 | ES-MaACL | ||
| 005 | 20230906163759.0 | ||
| 007 | t| | ||
| 008 | 031021s1959 sp ||||1| spa d | ||
| 100 | 1 |
_aDurán y Tortajada, Enrique. _946242 |
|
| 245 | 1 | 0 |
_aLo real y lo fantástico _b: (narraciones) / _cEnrique Durán y Tortajada. |
| 260 |
_aValencia : _bSucs. de Vives Mora, _c[1959] |
||
| 300 |
_a149 p. ; _c19 cm. |
||
| 852 |
_aES-MaACL _jC-16232 _bR.44124 |
||
| 999 |
_c58324 _d58324 |
||